000 00296nam a22001337a 4500
003 SGT
082 _a616.01
_bH11P
100 _aPANDA, UN
245 _aHB. OF MICROBIOLOGY AND PARASITOLOGY
260 _aINDIA
_bAITBS PUB.
_c2011
300 _a178
650 _aMICROBIOLOGY
942 _2ddc
_cBK
999 _c13647
_d13647